00588nam a22001697a 450000500170000001000130001702000250003003500110005503700130006608200080007910000250008724500780011224600610019026000520025127000920030330000230039520201020162757.0 aUR-10899 c90.00a9789389733280 aU-9454 bDBAD/PUB a841 dتبسم فا طمہ aتمھا ر ے خيا ل کی آ خر ی دھوپcتبسم فا طمہ bTumhare Khayal Ki Akhri Dhoop (Urdu)aby Tabassum Fatima aN.Delhi bEducational Publishing Housec2019 ء aH.O.D1/16,Ansari Road,Darya ganj,bN.Delhie110002k45678285,23216162l0091-11-23211540 a128 ص c22 Cm(Hb)